Microsoft Access 97 : illustrated advanced
Αποθηκεύτηκε σε:
| Κύριος συγγραφέας: | |
|---|---|
| Μορφή: | Βιβλίο |
| Γλώσσα: | Greek |
| Δημοσίευση: |
Cambridge, Albany :
Course technology,
1998
|
| Σειρά: | Illustrated series
|
| Θέματα: | |
| Ετικέτες: |
Προσθήκη ετικέτας
Δεν υπάρχουν, Καταχωρήστε ετικέτα πρώτοι!
|
MARC
| LEADER | 00000cam a2200000 i 4500 | ||
|---|---|---|---|
| 001 | 1/102737 | ||
| 008 | 000228s1998 gre d | ||
| 020 | |a 0760058245 | ||
| 035 | |l 10058201 | ||
| 040 | |a GR-MY-UA |b gre |e aacr | ||
| 041 | 0 | |a gre | |
| 082 | 0 | |a 005.7565 | |
| 100 | 1 | |a Friedrichsen, Lisa L. | |
| 245 | 1 | 0 | |a Microsoft Access 97 : |b illustrated advanced / |c Lisa Friedrichsen |
| 260 | |a Cambridge, Albany : |b Course technology, |c 1998 | ||
| 300 | |a 134 p. in various pagings; |b ill.; |c 28 cm.+ |e 1 computer disk (3 1/2 in.) | ||
| 490 | 1 | |a Illustrated series | |
| 630 | 0 | 0 | |a Microsoft Access. |
| 830 | 0 | |a Illustrated series | |
| 852 | |a INST |b SAMOS |e 20000228 |h 005.7565 FRI |p 005300016556 |q 005300016556 |t BK |y 0 | ||
| 852 | |a INST |b SAMOS |e 20001002 |h 005.7565 FRI |p 005300015698 |q 005300015698 |t BK |y 0 | ||
| 901 | |a BIBL3-2000-1 | ||
| 909 | |a Σ |b 069929 | ||
| 909 | |a Σ |b 069904 | ||
| 970 | |a ΓΕΝΟΥΖΟΥ |b ΧΡΥΣΑΝΘΗ |z 2000/02/28 | ||